Normal view
MARC view
Entry Topical Term
001 - CONTROL NUMBER
- control field: 18266
003 - CONTROL NUMBER IDENTIFIER
- control field: OSt
005 - DATE AND TIME OF LATEST TRANSACTION
- control field: 20240627132527.0
008 - FIXED-LENGTH DATA ELEMENTS
- fixed length control field: 240627|| aca||aabn | a|a d
040 ## - CATALOGING SOURCE
- Original cataloging agency: OSt
- Transcribing agency: OSt
150 ## - HEADING--TOPICAL TERM
- Topical term or geographic name entry element: Latin America - Economic condition- 1982
670 ## - SOURCE DATA FOUND
- Source citation: Work cat.: (OSt)8999: edited by Juan, Antonio Morales 18265, Economic policy and transition to democracy, , C 1996
